00423 2200157 4500001002100000008004100021035002000062245005500082250001000137260003900147300002100186084001600207082001000223650002100233990001100254INLIS000000000001109 ind  a0010-0722000658 aIde Cemerlang Dalam Mendidik AnakcImam Al-Mahdawi aCet.1 aBandungbIrsyad Baitus Salamc2007 a64c13 x 18,5 cm a370.1 IMA i a370.1 aPendidikan Moral aDI.500